Nah beieinander liegende Hauptstädte - Statistiken

Allgemein
  • Dieses Quiz wurde 289 mal gespielt
    205 seit der letzten Aktualisierung
  • Das Durchschnittsergebnis liegt bei 33 aus 76
Antwortstatistiken
Entfernung Hauptstädte % Korrekt
0 km Rom
91%
Vatikanstadt
91%
Wien
88%
55 km Bratislava
78%
161 km Bratislava
78%
Brüssel
76%
187 km Brüssel
76%
173 km Amsterdam
75%
Bern
73%
Budapest
73%
Luxemburg
69%
Zagreb
69%
159 km Vaduz
65%
194 km Belgrad
63%
Sofia
63%
Sofia
63%
Pristina
62%
176 km Pristina
62%
185 km Pristina
62%
Sarajevo
61%
Sarajevo
61%
117 km Ljubljana
60%
Tirana
60%
Tirana
60%
Tirana
60%
153 km Skopje
59%
174 km Skopje
59%
Tallinn
57%
82 km Helsinki
54%
Vilnius
53%
172 km Minsk
52%
131 km Podgorica
51%
160 km Podgorica
51%
172 km Podgorica
51%
Jerusalem
49%
Seoul
47%
83 km Beirut
44%
197 km Pjöngjang
42%
Damaskus
41%
Kinshasa
41%
4 km Brazzaville
36%
69 km Amman
34%
140 km Doha
32%
Tiflis
31%
San Salvador
30%
Dakar
29%
173 km Guatemala-Stadt
28%
166 km Accra
27%
169 km Jerewan
26%
Freetown
25%
160 km Lomé
25%
Lomé
25%
Manama
25%
131 km Bloemfontein
24%
Kigali
21%
Kingstown
21%
134 km Kingstown
21%
Kingstown
21%
Porto-Novo
20%
169 km Banjul
19%
Maseru
19%
Mbabane
19%
156 km Port-of-Spain
19%
148 km Maputo
18%
126 km Conakry
17%
174 km Bridgetown
16%
179 km Bridgetown
16%
164 km Gitega
15%
94 km Basseterre
13%
97 km Castries
13%
149 km Castries
13%
Castries
13%
Roseau
13%
Saint John's
13%
St. George's
13%
St. George's
13%
Keine übereinstimmenden Quizze gefunden
Verteilung der Resultate
Anzahl Personen mit jedem Resultat
Perzentil nach korrekt beantworteten Fragen
Ihre Resultats-Entwicklung
Sie haben dieses Quiz seit der letzten Aktualisierung nicht gespielt